Barron's SAT : (Record no. 592931)
[ view plain ]
| 000 -LEADER | |
|---|---|
| fixed length control field | 00602nam a22001457a 4500 |
| 040 ## - CATALOGING SOURCE | |
| Transcribing agency | NUST |
| 082 ## - DEWEY DECIMAL CLASSIFICATION NUMBER | |
| Classification number | 378.1662,GRE |
| 100 ## - MAIN ENTRY--PERSONAL NAME | |
| Personal name | Green, Sharon Weiner |
| 9 (RLIN) | 38360 |
| 245 ## - TITLE STATEMENT | |
| Title | Barron's SAT : |
| Remainder of title | Most Up-To-Date Review and Practice Tests Currently Available / |
| Statement of responsibility, etc. | Sharon Weiner Green |
| 250 ## - EDITION STATEMENT | |
| Edition statement | 26th ed. |
| 260 ## - PUBLICATION, DISTRIBUTION, ETC. | |
| Place of publication, distribution, etc. | America |
| Name of publisher, distributor, etc. | Barron's |
| Date of publication, distribution, etc. | 2012 |
| 300 ## - PHYSICAL DESCRIPTION | |
| Extent | xiv,920 p.; |
| 505 ## - FORMATTED CONTENTS NOTE | |
| Formatted contents note | Part-1: Get Acquainted With the Sat (Page-3), Part-2: Pinpoint Your Trouble Spots (Page-29), Part-3: Tactics and Practice Critical Reading (Page-91), Part-4: Test Yourself (Page-631). |
| 942 ## - ADDED ENTRY ELEMENTS (KOHA) | |
| Source of classification or shelving scheme | |
| Koha item type | Book |
| Call number prefix | 378.1662,GRE |
| Withdrawn status | Lost status | Source of classification or shelving scheme | Damaged status | Not for loan | Permanent Location | Current Location | Shelving location | Date acquired | Total Checkouts | Full call number | Barcode | Date last seen | Date last checked out | Price effective from | Koha item type | Public note |
|---|---|---|---|---|---|---|---|---|---|---|---|---|---|---|---|---|
| Military College of Signals (MCS) | Military College of Signals (MCS) | General Stacks | 01/16/2023 | 1 | 378.1662,GRE | MCS37685 | 01/20/2023 | 01/20/2023 | 01/16/2023 | Book | Almirah No.54, Shelf No.3 |
